00345nam a2200145Ia 45000010006000000050017000060080041000230410008000640820019000722450050000912600009001413000033001506500008001836540008001912394920260414151011.0260414t1983||||xx |||||||||||||| ||spa|| aESP a724.50946bI59 0aArquitectura racional en España 1940-1982b c1983 axvii, 39 páginas :c28 cm. aABD aCAU